| 000 | 00868cab a2200301 4500 | ||
|---|---|---|---|
| 001 | ABS53222 | ||
| 008 | 090401t1995 xxu||||| |||| 00| 0 eng d | ||
| 035 | _a(Sirsi) u2729 | ||
| 041 | _aeng | ||
| 245 | _aFocus `95 : North and South Wales | ||
| 260 | _c1995 | ||
| 350 | _a0 | ||
| 490 |
_aEstates Gazette _v(9526) 1 July 1995, 85-120(17) |
||
| 650 | _aCARDIFF | ||
| 650 | _aINDUSTRIAL MARKET | ||
| 650 | _aLLANDUDNO | ||
| 650 | _aNEWPORT | ||
| 650 | _aNORTH WALES | ||
| 650 | _aPROPERTY-COMMERCIAL PROPERTY-OFFICE PROPERTY-OFFICE PROPERTY MARKET | ||
| 650 | _aPROPERTY-COMMERCIAL PROPERTY-RETAIL PROPERTY-RETAIL PROPERTY MARKET | ||
| 650 | _aSOUTH WALES | ||
| 650 | _aSWANSEA | ||
| 650 | _aWELSH DEVELOPMENT AGENCY | ||
| 650 | _aWREXHAM | ||
| 690 | _aPROPERTY-COMMERCIAL PROPERTY-COMMERCIAL PROPERTY MARKET | ||
| 942 | _n0 | ||
| 948 | _c04/03/1997 | ||
| 999 |
_c1644 _d1644 |
||